On Noam chomsky: critical essays

Gespeichert in:
Bibliographische Detailangaben
Format: Buch
Sprache:Undetermined
Veröffentlicht: New York, Estados Unidos Anchor Press 1974
Schlagworte:
Tags: Tag hinzufügen
Keine Tags, Fügen Sie den ersten Tag hinzu!

MARC

LEADER 00000nam a2200000Ia 4500
008 170316s9999 xx 000 0 und d
040 |a cru BVZT 
090 |a C-410 O-1o 
245 |a On Noam chomsky: critical essays 
260 |a New York, Estados Unidos 
260 |b Anchor Press 
260 |c 1974 
300 |a 348 páginas 
650 |a LINGÜÍSTICA 
999 |c 12829  |d 12829 
942 |c 15 D  |h C-410 O-1o  |2 z